00333nam a2200133Ia 450000500170000000800460001703700290006304000200009204100130011208400210012524500340014626000090018030000100018920250508153124.0008 250505s9999 xx 000 0 eng d aBooks to be hide in OPAC aFEDLbengcFEDL aeng2eng a000, LOO/OqFEDL 0aLook and learn book for girls c1962 a156p.